| 000 -LEADER |
| fixed length control field |
03318 a2200313 4500 |
| 003 - CONTROL NUMBER IDENTIFIER |
| control field |
OSt |
| 005 - DATE AND TIME OF LATEST TRANSACTION |
| control field |
20180116192359.0 |
| 008 - FIXED-LENGTH DATA ELEMENTS--GENERAL INFORMATION |
| fixed length control field |
120618t xxu||||| |||| 00| 0 eng d |
| 010 ## - LIBRARY OF CONGRESS CONTROL NUMBER |
| LC control number |
2010282803 |
| 020 ## - INTERNATIONAL STANDARD BOOK NUMBER |
| International Standard Book Number |
9780714841465 |
| 020 ## - INTERNATIONAL STANDARD BOOK NUMBER |
| International Standard Book Number |
0714841463 |
| 035 ## - SYSTEM CONTROL NUMBER |
| System control number |
(OCoLC)ocn127137749 |
| 040 ## - CATALOGING SOURCE |
| Transcribing agency |
0 |
| 082 04 - DEWEY DECIMAL CLASSIFICATION NUMBER |
| Classification number |
624.17 |
| 100 1# - MAIN ENTRY--PERSONAL NAME |
| Personal name |
Addis, William, |
| 9 (RLIN) |
4771 |
| 245 10 - TITLE STATEMENT |
| Title |
Building : |
| Remainder of title |
3000 years of design engineering and construction / |
| Statement of responsibility, etc. |
Bill Addis. |
| 246 30 - VARYING FORM OF TITLE |
| Title proper/short title |
3000 years of design engineering and construction |
| 246 30 - VARYING FORM OF TITLE |
| Title proper/short title |
Three thousand years of design engineering and construction |
| 260 ## - PUBLICATION, DISTRIBUTION, ETC. |
| Place of publication, distribution, etc. |
London ; |
| -- |
New York, NY : |
| Name of publisher, distributor, etc. |
Phaidon Press, |
| Date of publication, distribution, etc. |
2007. |
| 300 ## - PHYSICAL DESCRIPTION |
| Extent |
640 p. : |
| Other physical details |
ill. (some col.) ; |
| Dimensions |
26 cm. |
| 490 0# - SERIES STATEMENT |
| Series statement |
Building history series |
| 505 0# - FORMATTED CONTENTS NOTE |
| Formatted contents note |
Introduction -- Building and engineering in ancient times : 1000 B.C.-A.D. 500 -- The medieval era : 500-1400 -- The Renaissance : 1400-1630 -- Global trading and the age of reason and enlightenment : 1630-1750 -- Engineering becomes a profession : 1750-1800 -- The harmony of theory and practice : 1800-1860 -- The birth of the modern building : 1860-1920 -- Architectural engineering : 1920-1960 -- The computer age and the greening of construction : 1960-present -- Afterword -- Glossary -- Appendix 1. "Aims and means" / by Ove Arup -- Appendix 2. Iron and its alloys -- Appendix 3. Concrete and reinforced concrete. |
| 520 1# - SUMMARY, ETC. |
| Summary, etc. |
"Building: 3000 Years of Design, Engineering, and Construction traces the history of modern building engineering in the Western world from ancient times to the present, bringing to life the key people, buildings, and concepts that have influenced engineering and architecture over the millennia. This comprehensive and heavily illustrated volume documents the classic texts, instruments, materials, and theories that have propelled modern engineering, and the famous and not-so-famous buildings that have resulted through the ages, from the Parthenon to Chartres Cathedral and the dome of St. Peter's, from eighteenth-century silk and cotton mills in England to the Crystal Palace, and from the first Chicago high-rises to the Sydney Opera House and the "green" skyscrapers of today." "Organized chronologically in nine chapters, Building focuses on the specific innovations and geographic centers of activity that defined each period in engineering history. Each chapter concentrates on the famous characters and unsung heroes of engineering history." "Accompanying the narrative text are more than 750 color and black-and-white photographs, archival plans and drawings, and original technical diagrams, many from rare and specialized sources around the world. Sidebars highlight key developments, including the slide rule, the evolution of the structural frame, and the glass facade; major texts such as De Architecture by Vitruvius, and brief histories of key concepts such as calculus. Also included in the book are extensive reference materials: timelines, appendices, a glossary, notes, bibliography, and a guide to further reading."--BOOK JACKET. |
| 650 10 - SUBJECT ADDED ENTRY--TOPICAL TERM |
| Topical term or geographic name entry element |
Structural engineering |
| General subdivision |
History. |
| 9 (RLIN) |
4772 |
| 650 10 - SUBJECT ADDED ENTRY--TOPICAL TERM |
| Topical term or geographic name entry element |
Structural design |
| General subdivision |
History. |
| 9 (RLIN) |
4773 |
| 650 10 - SUBJECT ADDED ENTRY--TOPICAL TERM |
| Topical term or geographic name entry element |
Architecture |
| General subdivision |
History. |
| 9 (RLIN) |
4774 |
| 942 ## - ADDED ENTRY ELEMENTS (KOHA) |
| Institution code [OBSOLETE] |
SADA |
| Koha item type |
Book |
| Call number prefix |
624.17 ADD 2007 |
| Source of classification or shelving scheme |
|